Charlotte's Web: (Record no. 6731)

MARC details
000 -LEADER
fixed length control field 00957nam a22002897a 4500
001 - CONTROL NUMBER
control field 6731
003 - CONTROL NUMBER IDENTIFIER
control field FISKH
005 - DATE AND TIME OF LATEST TRANSACTION
control field 20250523105626.0
008 - FIXED-LENGTH DATA ELEMENTS--GENERAL INFORMATION
fixed length control field 250523b cb ||||| |||| 00| 0 eng d
020 ## - INTERNATIONAL STANDARD BOOK NUMBER
International Standard Book Number 9780060882839
040 ## - CATALOGING SOURCE
Original cataloging agency FISKH
Language of cataloging eng
Transcribing agency FISKH
Modifying agency FISKH
050 ## - LIBRARY OF CONGRESS CALL NUMBER
Classification number PZ7.F85927 W
082 ## - DEWEY DECIMAL CLASSIFICATION NUMBER
Classification number 799
100 ## - MAIN ENTRY--PERSONAL NAME
Personal name Frantz, Jennifer
245 ## - TITLE STATEMENT
Title Charlotte's Web:
Remainder of title Wilbur's prize /
Statement of responsibility, etc. Adapted by Jennifer Frantz ; Illustrated by Alesksey and Olga Ivanov
260 ## - PUBLICATION, DISTRIBUTION, ETC.
Place of publication, distribution, etc. New York :
Name of publisher, distributor, etc. Harper Collins Publisher,
Date of publication, distribution, etc. 2006
300 ## - PHYSICAL DESCRIPTION
Extent 32 pages :
Other physical details color illustrations ;
Dimensions 23 cm
505 ## - FORMATTED CONTENTS NOTE
Formatted contents note K<br/>
520 ## - SUMMARY, ETC.
Summary, etc. Wilbur wants to prove how special he is by winning the blue ribbon at the county fair.
521 8# - TARGET AUDIENCE NOTE
Target audience note 510<br/>
Source Lexile estimate <br/>
521 8# - TARGET AUDIENCE NOTE
Target audience note K<br/>
Source Raz-Plus<br/>
650 ## - SUBJECT ADDED ENTRY--TOPICAL TERM
Topical term or geographic name entry element Animal Characters
Form subdivision Beard Library
700 ## - ADDED ENTRY--PERSONAL NAME
Personal name Alesksey, Olga
Relator term illustrator
700 ## - ADDED ENTRY--PERSONAL NAME
Personal name Ivanov, Olga
Relator term illustrator
942 ## - ADDED ENTRY ELEMENTS (KOHA)
Source of classification or shelving scheme Dewey Decimal Classification
Koha item type Books
Suppress in OPAC No
Holdings
Withdrawn status Lost status Source of classification or shelving scheme Damaged status Not for loan Collection Home library Current library Shelving location Date acquired Total Checkouts Full call number Barcode Date last seen Copy number Price effective from Koha item type
    Dewey Decimal Classification     Juvenile Fiction Footprints International School Library Network Toul Kork Campus Footprints International School Library Network Toul Kork Campus TK Primary Library Room(4th Floor), Bookcase 1&2, Shelves 1-16, Dark Blue Books 05/23/2025   FRA 799 PZ7.F85927 W FISBK02680 05/23/2025 1 05/23/2025 Books